000 00585nam a22002052 4500
001 0000004578
005 20151217145817.0
008 070525s xx 000 0 eng d
020 _a0674884698 :
_cKES 400
040 _aKABU
_cKABU
050 0 _aQH307.2
_b.M39
100 1 _aMayr, Ernst.
_@0000155212
245 1 0 _aThis is biology :
_bthe science of the living world.
260 _aCambridge, Mass :
_bBelknap Press,
_c1997.
300 _axix, 323 p.
650 0 _aBiology.
_@0000003707
908 _a070525
950 _@1
999 _c2789
_d2789